Logo biblioteca
Santa Fe 2917, Rosario, Santa Fe
Lu-Vi 8 a 19.45
+54-341-4232362
bibliotecaeudoro@gmail.com
Facebook Biblioteca Pedagógica
Sitio web

La literatura como camino para llegar a la otra orilla / (Registro nro. 32721)

Detalles MARC
000 -CABECERA
campo fijo de control de longitud 01196nab a2200265 4500
003 - IDENTIFICADOR DEL NÚMERO DE CONTROL
campo de control AR-RoBPED
005 - FECHA Y HORADE LA ULTIMA TRANSACCION
campo de control 20260507115927.0
008 - ELEMENTOS DE LONGITUD FIJA--INFORMACION GENERAL
campo fijo de control de longitud 260507b |||||||| |||| 00| 0 spa d
040 ## - FUENTE CATALOGADORA
Centro catalogador/agencia de origen AR-RoBPED
041 ## - IDIOMA
Código de idioma para texto/pista de sonido o título independiente spa
100 1# - ENCABEZAMIENTO PRINCIPAL--AUTOR PERSONAL
Nombre de persona Pérez Lindo, Paula
9 (RLIN) 22099
Función Profesora en Ciencias del Lenguaje y la Comunicación
245 13 - TITULO
Título La literatura como camino para llegar a la otra orilla /
260 ## - PUBLICACION
Lugar Buenos Aires :
Editor Noveduc,
Fecha 2023
300 ## - DESCRIPCION FISICA
Extensión 30-32 p.
500 ## - NOTA GENERAL
Nota general La autora reflexiona sobre el lugar de la literatura en las aulas de nivel secundario, mostrando cómo en la práctica la subjetividad del docente y de los estudiantes se articula con las prescripciones curriculares. Para finalizar, propone un posible itinerario de lecturas para abordar con adolescentes y adultos jóvenes.
650 #7 - TERMINO DE MATERIA--CONTROLADO
Término controlado LITERATURA
9 (RLIN) 244
Término controlado ESTUDIANTES
9 (RLIN) 11380
Término controlado DOCENTES
9 (RLIN) 344
Término controlado LECTURA
9 (RLIN) 160
Término controlado AULAS
9 (RLIN) 10921
Término controlado NIVEL MEDIO
9 (RLIN) 3552
773 0# - DOCUMENTO FUENTE
Host Biblionumber 20414
Host Itemnumber 41865
Place, publisher, and date of publication Buenos Aires : Noveduc, 1993-
Título Novedades Educativas
Record control number (AR-RoBPED)20414
International Standard Serial Number 03283534
942 ## - ELEMENTOS KOHA
Fuente de clasificación Universal Decimal Classification
Koha tipo de ítem Revistas
Clasificación 37(05)
Signatura librística Nov 86 N° 390 (Sept.2023)
Número Koha k.32721
945 ## - PROCESAMIENTO DE LA INFORMACIÓN LOCAL
Catalogador y fecha mar 05/2026

No hay ítems disponibles.